Statistiques concernant Pays les plus proches de la Macédoine du Nord

Cliquez ici pour prendre le quiz!

Statistiques générales

  • Ce quiz a été pris 75 fois
  • Le résultat moyen est 18 sur 20

Statistiques - réponses

kmpays% Correct
0Serbie
100%
0Bulgarie
99%
0Grèce
99%
179Croatie
97%
0Albanie
96%
204Italie
96%
0Kosovo
95%
169Roumanie
95%
79Monténégro
93%
577Slovénie
92%
183Bosnie-
Herzégovine
90%
434Hongrie
90%
575Ukraine
89%
648Slovaquie
88%
577Moldavie
86%
274Turquie
86%
635Autriche
85%
666Vatican
71%
739Pologne
70%
695Saint-Marin
68%

Distribution des résultats

Percentile par nombre de réponses

% des personnes avec chaque résultat

Votre développement - résultats

Vous n’avez pas pris ce quiz